000 00287nam a22001337a 4500
008 170519b xxu||||| |||| 00| 0 eng d
020 _a0195075080
041 _aeng
080 _a94
100 _a16
101 _aSHH
245 _aBY THE GRACE OF GUEIDE
_cRUE.L
942 _2udc
_cBK
999 _c13565
_d13565